Statistiken für Deutsche Staatsflaggen

Klicken Sie hier um das Quiz zu spielen!

Allgemein

  • Dieses Quiz wurde 65 mal gespielt
  • Das Durchschnittsergebnis liegt bei 13 aus 16

Antwortstatistiken

Answer % Korrekt
Hamburg
96%
Berlin
95%
Bayern
95%
Niedersachsen
89%
Rheinland-Pfalz
82%
das Saarland
80%
Brandenburg
79%
Bremen
75%
Sachsen
75%
Baden-Württemberg
75%
Thüringen
71%
Hessen
71%
Schleswig-Holstein
71%
Nordrhein-Westfalen
70%
Mecklenburg-Vorpommern
70%
Sachsen-Anhalt
70%

Verteilung der Resultate

Perzentil nach korrekt beantworteten Fragen

Anzahl Personen mit jedem Resultat

Ihre Resultats-Entwicklung

Sie haben dieses Quiz noch nicht gespielt